Centros servidores de información / (Record no. 13088)

MARC details
000 -LEADER
campo de control de longitud fija 01081nam a22003015i 4500
001 - NÚMERO DE CONTROL
campo de control 13088
003 - IDENTIFICADOR DE NÚMERO DE CONTROL
campo de control ES-MaACL
005 - FECHA Y HORA DE LA ÚLTIMA TRANSACCIÓN
campo de control 20230906150504.0
007 - CAMPO FIJO DE DESCRIPCIÓN FÍSICA--INFORMACIÓN GENERAL
campo de control de longitud fija t|
008 - DATOS DE LONGITUD FIJA--INFORMACIÓN GENERAL
campo de control de longitud fija 941028s1994 sp ||||0| spa j
020 ## - NÚMERO INTERNACIONAL ESTÁNDAR DEL LIBRO
Número Internacional Estándar del Libro 84-7433-982-0
040 ## - FUENTE DE CATALOGACIÓN
Centro catalogador/agencia de origen M-BN
Lengua de catalogación spa
Centro/agencia transcriptor M-BN
080 ## - NÚMERO DE LA CLASIFICACIÓN DECIMAL UNIVERSAL
Número de la Clasificación Decimal Universal 621.397.48
080 ## - NÚMERO DE LA CLASIFICACIÓN DECIMAL UNIVERSAL
Número de la Clasificación Decimal Universal 061.68
100 1# - ENTRADA PRINCIPAL--NOMBRE DE PERSONA
Nombre de persona Valiño Castro, Luis Miguel.
9 (RLIN) 112708
245 10 - MENCIÓN DEL TÍTULO
Título Centros servidores de información /
Mención de responsabilidad, etc. Luis Miguel Valiño Castro, Valentí Guasch Brull.
260 ## - PUBLICACIÓN, DISTRIBUCIÓN, ETC.
Lugar de publicación, distribución, etc. Madrid :
Nombre del editor, distribuidor, etc. Centro de Publicaciones, Ministerio de Obras Públicas, Transportes y Medio Ambiente,
Fecha de publicación, distribución, etc. D.L. 1994.
300 ## - DESCRIPCIÓN FÍSICA
Extensión 159 p. :
Otras características físicas gráf. ;
Dimensiones 24 cm.
490 1# - MENCIÓN DE SERIE
Mención de serie Serie monografías
504 ## - NOTA DE BIBLIOGRAFÍA, ETC.
Nota de bibliografía, etc. Bibliografía: p. 157-158.
650 #4 - PUNTO DE ACCESO ADICIONAL DE MATERIA--TÉRMINO DE MATERIA
Término de materia o nombre geográfico como elemento de entrada Sistemas de transmisión de datos.
9 (RLIN) 17139
650 14 - PUNTO DE ACCESO ADICIONAL DE MATERIA--TÉRMINO DE MATERIA
Término de materia o nombre geográfico como elemento de entrada Servicios de información.
9 (RLIN) 17064
700 1# - ENTRADA AGREGADA--NOMBRE PERSONAL
Nombre de persona Guasch Brull, Valentí.
9 (RLIN) 60359
710 1# - ENTRADA AGREGADA--NOMBRE DE ENTIDAD CORPORATIVA
Nombre de entidad corporativa o nombre de jurisdicción como elemento de entrada España.
Unidad subordinada Ministerio de Obras Públicas, Transportes y Medio Ambiente.
9 (RLIN) 3915
830 0# - PUNTO DE ACCESO ADICIONAL DE SERIE-TÍTULO UNIFORME
Título uniforme Serie monografías
9 (RLIN) 179418
852 ## - LOCALIZACIÓN
Ubicación ES-MaACL
Número de control de estantería L-20440
Sublocalización o colección R.123787
Holdings
Estatus retirado Estado de pérdida Estado de daño No para préstamo Biblioteca de origen Biblioteca actual Ubicación en estantería Fecha de adquisición Fuente de adquisición Total de préstamos Signatura topográfica completa Código de barras Visto por última vez Precio de reemplazo Tipo de ítem Koha
        Biblioteca del Ateneo de Madrid Biblioteca del Ateneo de Madrid Depósito 2 17/01/2008     L-20440 1013328 23/02/2023 23/02/2023 Libro impreso